Statistics for Name capitals of countries starting with a letter B

Click here to take the quiz!

General Stats

  • This quiz has been taken 29 times
  • The average score is 12 of 16

Answer Stats

CountryCapital% Correct
BelgiumBruxelles
100%
BulgariaSofia
100%
BrazilBrasilia
96%
BelarusMinsk
93%
Bosnia &
Herzegovina
Sarajevo
93%
BangladeshDhaka
89%
BahamasNassau
85%
BoliviaSucre
78%
BelizeBelmopan
74%
BarbadosBridgetown
63%
BotswanaGaborone
63%
BahrainManama
56%
BeninPorto Novo
52%
BruneiBandar Seri Begawan
48%
BurundiGitega
37%
Burkina FasoOuagadougou
37%

Score Distribution

Percentile by Number Answered

Percent of People with Each Score

Your Score History

You have not taken this quiz